| 000 | 00473nam a2200145Ia 4500 | ||
|---|---|---|---|
| 999 |
_c20149 _d20149 |
||
| 082 | _aTM.0408 | ||
| 100 | _aMallik, Basanta Kumar | ||
| 245 | 0 | _aSocial protest and popular movement in medieval Orissa (Circa 1450-1600 A.D.) | |
| 260 |
_c1992 _bJawaharlal Nehru University |
||
| 300 | _a352p. + C D - 38 | ||
| 650 | _aRELIGION AND SOCIOLOGY - ORISSA - 1450-1600 A.D. | ||
| 650 | _aSOCIAL MOVEMENTS - ORISSA - 1450-1600 A.D. | ||
| 710 | _aAlam Muzaffar | ||
| 942 |
_cTH _2ddc |
||